Hovedsteder i Nord-Amerika - Statistics

General Stats
  • This quiz has been taken 149 times
    88 since last reset
  • The average score is 13 of 23
Answer Stats
Hint Answer % Correct
Cuba Havanna
80%
Jamaica Kingston
80%
Bahamas Nassau
80%
USA Washington D.C.
80%
Canada Ottawa
73%
Costa Rica San José
73%
Antigua og Barbuda St. John's
67%
Belize Belmopan
60%
Guatemala Guatemala by
60%
Mexico Mexico by
60%
Panama Panama by
60%
Dominica Roseau
60%
El Salvador San Salvador
60%
Barbados Bridgetown
53%
Nicaragua Managua
53%
Haiti Port-au-Prince
53%
Den dominikanske republikk Santo Domingo
53%
Trinidad og Tobago Port of Spain
47%
Honduras Tegucigalpa
47%
St. Vincent og Grenadinene Kingstown
33%
St. Lucia Castries
27%
Grenada St. George's
13%
St. Kitts og Nevis Basseterre
7%
No matching quizzes found
Score Distribution
Percent of People with Each Score
Percentile by Number Answered
Your Score History
You have not taken this quiz since the last reset